Billboardy na start !

Billboard ako plnohodnotný reklamný prostriedok. Otázka merania účinnosti billboardov. Vysvetlenie pojmu : čierne billboardy. Billboardy a legislatíva. Podiel billboardov na celkovej reklame v Českej republike.

Na minha lista:
Detalhes bibliográficos
Autor principal: Žáčková, Marcela
Formato: Capítulo de Livro
Idioma:tcheco
Assuntos:
Tags: Adicionar Tag
Sem tags, seja o primeiro a adicionar uma tag!

MARC

LEADER 00000naa$a2200000$$$4500
001 0020139
005 20231018124115.7
041 0 |a cze 
044 |a CZ 
245 1 0 |a Billboardy na start !  |c Marcela Žáčková 
520 |a Billboard ako plnohodnotný reklamný prostriedok. Otázka merania účinnosti billboardov. Vysvetlenie pojmu : čierne billboardy. Billboardy a legislatíva. Podiel billboardov na celkovej reklame v Českej republike. 
610 2 0 |a Česko 
610 2 0 |a podpora predaja 
610 2 0 |a propagácia 
610 2 0 |a reklama vonkajšia 
610 2 0 |a prostriedky reklamné 
610 2 0 |a legislatíva 
100 1 |a Žáčková, Marcela